Gaming Quiz

Random Gaming or Nintendo Quiz

100 Tiny Nintendo Characters (part 5) Quiz Stats

 Plays Quiz not verified by Sporcle

Score 0/100 Timer 14:00
0 Plays Today
Pos. Name % Correct
J10Solid Snake
89.5%
A10Chain Chomp
89.4%
C9Baby Wario
81%
E3Sandshrew
80.9%
E1Sandbag
76.7%
F6Bug Catcher
64.2%
G1Corsola
62.8%
I2Camerupt
61.2%
A8Azelf
58.8%
A1Chunky Kong
58.6%
C5Lairon
56.1%
C8Timmy/Tommy Nook
47.4%
G3Prince Fluff
44.5%
H7Norman
39.9%
D9Janine
38.4%
E9Sandbird
38.3%
B4Mr. Fuji
36.3%
H5Ms. Mowz
35%
J6Lorelei
33.3%
C3Kaepora Gaebora
32.2%
D4Don Pianta
31.5%
B8Francis
31.1%
A5Rauru
30.5%
D6Niko
29.4%
A9Spitz
29.2%
C6Bob-Omb Buddy
28.4%
E2Mr. Sandman
28%
A6Jack
27.5%
G5Don Flamenco
27.5%
D1Bill Grey
26.4%
H8Pete
26%
D5Winky
25.7%
J8Very Gnawty
25.3%
G10Triclyde
23.7%
Pos. Name % Correct
H6Guru-Guru
22.5%
I9Walky
22.5%
J3Baron Brr
21.6%
I3Breadbug
19.7%
D7Gim
19%
A4Ribbon
18.9%
F3Beastman
18.7%
G9Ashei
17.9%
I1Melody Pianissima
17.3%
G8Goonie
16.8%
C4Salsa
16.2%
J1Façade
16.2%
I10Mugly
15.9%
F2Master Mantis
15.1%
I6Teddy
14.4%
A7Volke
14.2%
B1Phoenix
14%
F5Sahasrahla
12.9%
I7Bastian
12.8%
B6Beltino Toad
12.4%
B10Ridley Robot
12%
E5Sandy
11.7%
B3Water Dumple
10.8%
G6Phazon Elite
10.8%
A2Geldegarde Monotoli
10.5%
I5Gongoron
10.5%
J2Petrine
10.5%
B9Nago
10.1%
H2Venus
10%
H3Skrimir
9.7%
G2ShopKeeper
9.4%
H9Marisa
9.2%
J7Raging Long Legs
9%
A3Prince Bunston
8.5%
Pos. Name % Correct
E4Goddess of the Sand
8.5%
F1Topi
8.4%
F9Tiki Goon
8.1%
J4Arachnus
8.1%
F4Grimm
7.7%
E8Sandworm
7.5%
J5Large Fry
7.5%
F8Dorothy
7.4%
F7Segmented Crawbster
7.3%
C2Ricky Winterborn
7.1%
B7Isabella
6.7%
C10Twinbellows
6.6%
D10Gilbert the Gooey
6.2%
J9Aparoid Moth
5.8%
D3Julian
5.4%
B2Dangerous Duck
5.3%
D8Bandinero
5.1%
F10Mega Mashtooth
5%
C7Virginia Aran
4.7%
H1Agent Morris
4.3%
I4Spirit of Power
4%
I8Skree
4%
E10Alpha Sandigger
3.6%
G4God of Poverty
3.4%
B5Foxfire
3.2%
D2Ted Rumsworth
3.2%
E7Toad of the Desert
3.1%
E6Gansan
2.4%
G7Orion Tsang
2.4%
H4Sun-Animalcue
2.3%
C1Great Devil
2%
H10Yagodaine
1.6%

You're not logged in!

Compare scores with friends on all Sporcle quizzes.
OR
Log In

Show Comments

Extras

Top Quizzes Today


Score Distribution

Your Account Isn't Verified!

In order to create a playlist on Sporcle, you need to verify the email address you used during registration. Go to your Sporcle Settings to finish the process.

Report this User

Report this user for behavior that violates our Community Guidelines.

Details: